Fin de la nación catalana. vol. II, La capitulación de Barcelona y la caída de Mallorca /
Guardat en:
| Autor principal: | |
|---|---|
| Format: | Electrònic eBook |
| Idioma: | espanyol |
| Publicat: |
Valencia :
Calambur,
[2021]
|
| Col·lecció: | Facsímiles (Calambur Editorial)
|
| Matèries: | |
| Accés en línia: | Digitalia Hispánica |
| Etiquetes: |
Afegir etiqueta
Sense etiquetes, Sigues el primer a etiquetar aquest registre!
|
MARC
| LEADER | 00000nam a2200000 i 4500 | ||
|---|---|---|---|
| 001 | DIGCALAM250 | ||
| 003 | NyNyDIG | ||
| 008 | 221101s2021 sp a ob 000 0 spa d | ||
| 006 | m o d | ||
| 007 | cr ||||||||||| | ||
| 035 | |a (OCoLC)1352725881 | ||
| 040 | |a DGITA |b eng |e rda |e pn |c DGITA | ||
| 020 | |z 9788483595374 | ||
| 050 | 1 | 4 | |a DP302.C66 ebook |
| 100 | 1 | |a Sanpere i Miquel, Salvador, |e author. | |
| 245 | 1 | 0 | |a Fin de la nación catalana. |n vol. II, |p La capitulación de Barcelona y la caída de Mallorca / |c por S. Sanpere y Miquel. |
| 246 | 3 | 0 | |a Capitulación de Barcelona y la caída de Mallorca |
| 264 | 1 | |a Valencia : |b Calambur, |c [2021] | |
| 300 | |a 1 online resource : |b illustrations. | ||
| 336 | |a text |b txt |2 rdacontent | ||
| 337 | |a computer |b c |2 rdamedia | ||
| 338 | |a online resource |b cr |2 rdacarrier | ||
| 347 | |a text file |2 rdaft | ||
| 347 | |b EPUB | ||
| 490 | 1 | |a Colección Facsímiles | |
| 500 | |a "Este libro es una edición facsimilar de la obra original publicada en Barcelona en 1905." | ||
| 504 | |a Includes bibliographical references. | ||
| 588 | 0 | |a Online resource; title from ePub title page (Digitalia, viewed November 1, 2022) | |
| 651 | 0 | |a Barcelona (Spain) |x History. | |
| 651 | 0 | |a Majorca (Spain) |x History. | |
| 655 | 0 | |a Electronic books. | |
| 776 | 0 | 8 | |i Print version: |a Sanpere i Miquel, Salvador. |t Fin de la nación catalana. |b Primera edición. |d Valencia : Calambur, 2021 |z 9788483595374 |
| 791 | 2 | |a Digitalia (Firm), |e distributor. | |
| 793 | 0 | |g Digitalia eBook Collection: |a Editorial Calambur | |
| 830 | 0 | |a Facsímiles (Calambur Editorial) | |
| 856 | 4 | 0 | |3 Digitalia Hispánica |u https://digitalia.unach.elogim.com/a/114054/ |
| 910 | |a Premium collection: 2022 | ||